Good planning is essential to successful project delivery (Record no. 80670)

MARC details
000 -LEADER
fixed length control field 00911cab a22002055a 4500
001 - CONTROL NUMBER
control field L144963
008 - FIXED-LENGTH DATA ELEMENTS--GENERAL INFORMATION
fixed length control field 080827e20080821xxka f 000 0 eng d
035 ## - SYSTEM CONTROL NUMBER
System control number (Sirsi) u144963
041 0# - LANGUAGE CODE
Language code of text/sound track or separate title eng
100 1# - MAIN ENTRY--PERSONAL NAME
Personal name Moore, Andrew
245 00 - TITLE STATEMENT
Title Good planning is essential to successful project delivery
260 ## - PUBLICATION, DISTRIBUTION, ETC.
Date of publication, distribution, etc. 2008
490 ## - SERIES STATEMENT
Series statement Construction News
Volume/sequential designation (7082) 21 August 2008, 20(1)
520 ## - SUMMARY, ETC.
Summary, etc. Discusses how proper planning is important to achieve successful projects and give the company credibility. Reports that 42% of UK constructions finish late due to a lack of planning or simply bad planning. Explains that many project managers have no training on construction planning and need to receive these skills. Presents eight steps to improve project delivery.
590 ## - LOCAL NOTE (RLIN)
Local note KA
651 #4 - SUBJECT ADDED ENTRY--GEOGRAPHIC NAME
Geographic name United Kingdom
Chronological subdivision
690 ## - LOCAL SUBJECT ADDED ENTRY--TOPICAL TERM (OCLC, RLIN)
Topical term or geographic name as entry element Construction management
9 (RLIN) 6230
690 ## - LOCAL SUBJECT ADDED ENTRY--TOPICAL TERM (OCLC, RLIN)
Topical term or geographic name as entry element Project management
9 (RLIN) 6261
942 ## - ADDED ENTRY ELEMENTS (KOHA)
Suppress in OPAC 0
Holdings
Withdrawn status Lost status Source of classification or shelving scheme Damaged status Not for loan Home library Current library Shelving location Date acquired Total Checkouts Full call number Barcode Date last seen Copy number Price effective from Koha item type
    Dewey Decimal Classification     London London Journal article 27/08/2008   L144963 144963-1001 06/08/2019 1 06/08/2019 Journal article